Missing Word: 2015 Movies (A-Z) Quiz Stats

 Plays Quiz Updated May 17, 2019

Score 0/26 Timer 03:00
3 Plays Today
Movie Title Missing Word % Correct
Fifty Shades of _____Grey
97.3%
Mission: _____ - Rogue NationImpossible
94%
Do _____ Believe?You
92.4%
Straight Outta _____Compton
89.2%
_____ Blart: Mall Cop 2Paul
87.4%
Mad Max: ______ RoadFury
86.5%
_____ Runner: The Scorch TrialsMaze
83%
_____ of the DesertQueen
83%
The Hateful ______Eight
82.6%
Hotel _____ 2Transylvania
82.2%
Inside _____Out
81.9%
_____ WorldJurassic
78.6%
Scouts Guide to the _____ ApocalypseZombie
77.4%
Movie Title Missing Word % Correct
Avengers: Age of _____Ultron
76.8%
_____ of SpiesBridge
69.6%
_____ EscapeNo
65.7%
Jupiter _____Ascending
63.5%
The Man Who _____ InfinityKnew
60.9%
The _____ Witch HunterLast
55.6%
In the _____ of the SeaHeart
55.2%
The _____ RingerWedding
51.2%
Magic Mike _____XXL
45.5%
The Big _____Short
36.3%
The Longest _____Ride
28.9%
The Good ______Dinosaur
22.1%
The Lady in the _____Van
17.9%

Today's Daily Dose

Missing Word
Video Games (A-Z)

Get the Picture
Tom Hanks

You're not logged in!

Compare scores with friends on all Sporcle quizzes.
OR
Log In

Sporcle TV

Today on Sporcle TV


Watch our educational content, quiz creation guides, and fun videos on Sporcle TV.

Show Comments

Extras

Top Quizzes Today


Score Distribution

Your Account Isn't Verified!

In order to create a playlist on Sporcle, you need to verify the email address you used during registration. Go to your Sporcle Settings to finish the process.

Report this User

Report this user for behavior that violates our Community Guidelines.

Details: